Hệ thống văn bản hiện hành về tiền lương và phụ cấp lương trong doanh nghiệp

Zapisane w:
Opis bibliograficzny
1. autor: BỘ LAO ĐỘNG THƯƠNG BINH VÀ XÃ HỘI
Format: Książka
Język:Undetermined
Wydane: Hà Nội Lao động và xã hội 2001
Hasła przedmiotowe:
Etykiety: Dodaj etykietę
Nie ma etykietki, Dołącz pierwszą etykiete!
Thư viện lưu trữ: Trung tâm Học liệu Trường Đại học Cần Thơ
LEADER 00670nam a2200169Ia 4500
001 CTU_47376
008 210402s9999 xx 000 0 und d
082 |a 344.5970121 
082 |b B450/2001 
100 |a BỘ LAO ĐỘNG THƯƠNG BINH VÀ XÃ HỘI 
245 0 |a Hệ thống văn bản hiện hành về tiền lương và phụ cấp lương trong doanh nghiệp 
245 0 |c BỘ LAO ĐỘNG THƯƠNG BINH VÀ XÃ HỘI 
260 |a Hà Nội 
260 |b Lao động và xã hội 
260 |c 2001 
650 |a labor laws and legislation - vietnam 
980 |a Trung tâm Học liệu Trường Đại học Cần Thơ